Financial and economic evaluation of projects in the electricity supply industry

Saved in:
Bibliografiske detaljer
Hovedforfatter: Khatib, Hisham (Author)
Format: Bog
Sprog:engelsk
Udgivet: Londres The Institution of Electrical Engineers 1997
Serier:IEE Power Series 23
Fag:
Tags: Tilføj Tag
Ingen Tags, Vær først til at tagge denne postø!

MARC

LEADER 00000nam a2200000 a 4500
001 UCR6124
003 CL-VaPUC
008 980420e19970000UK |||||||||||||||||eng|d
082 0 4 |a 621.381  |b KHA  |2 21 
100 0 |a Khatib, Hisham  |e author  |9 407289 
245 1 0 |a Financial and economic evaluation of projects in the electricity supply industry 
300 |a 199 p 
942 |c BK 
945 |d 19980420 00:00:00  |a rbrito 
260 |a Londres  |b The Institution of Electrical Engineers  |c 1997 
650 0 |a Ingeniería eléctrica  |9 260573 
650 7 |a DISTRIBUCION DE LA ENERGIA ELECTRICA  |2 CL-VaPUC  |9 363240 
650 0 |a Electricidad  |9 260222 
650 0 |a Aspectos económicos  |9 255165 
583 |a last modification  |c 19980420 00:00:00  |k Rodrigo Vera 
490 0 |a IEE Power Series 23 
999 |c 268430  |d 268428 
952 |0 0  |1 0  |4 0  |6 621_381000000000000_KHA_1997  |7 0  |8 A  |9 301575  |a BIBING  |b BIBING  |d 2019-11-20  |i 3408051  |o 621.381 KHA 1997  |p 3408051  |r 2025-01-20  |w 2019-11-20  |y BK  |k EIE